[Event "Deutsche Ländermeisterschaft 2023"]
[Site "Hannover GER"]
[Date "2023.10.03"]
[Round "5"]
[White "Heinrich, John"]
[Black "Laux, Dominik"]
[Result "1/2-1/2"]
[Termination "normal"]
[Board "1.2"]
[BlackTitle "FM"]
[WhiteElo "2280"]
[BlackElo "2281"]
[WhiteClock "00:17:27"]
[BlackClock "00:34:27"]
[WhiteTeam "Sachsen"]
[BlackTeam "Hessen"]
[PlyCount "107"]
[WhiteFideId "16259491"]
[BlackFideId "12994219"]
[EventCountry "GER"]
[EventRounds "7"]
[EventType "team-swiss"]
[EventDate "2023.09.30"]

1. e4 {[%clk 01:30:57]} {[%emt 00:00:02]} c5 {[%clk 01:30:41]} {[%emt
00:00:21]} 2. Nf3 {[%clk 01:31:19]} {[%emt 00:00:07]} Nc6 {[%clk 01:30:47]}
{[%emt 00:00:25]} 3. d4 {[%clk 01:31:32]} {[%emt 00:00:16]} cxd4 {[%clk
01:31:05]} {[%emt 00:00:12]} 4. Nxd4 {[%clk 01:31:55]} {[%emt 00:00:08]} Nf6
{[%clk 01:31:29]} {[%emt 00:00:06]} 5. Nc3 {[%clk 01:32:20]} {[%emt 00:00:05]}
d6 {[%clk 01:31:44]} {[%emt 00:00:15]} 6. Bg5 {[%clk 01:32:29]} {[%emt
00:00:20]} Bd7 {[%clk 01:31:01]} {[%emt 00:01:14]} 7. Qd2 {[%clk 01:30:38]}
{[%emt 00:02:21]} a6 {[%clk 01:30:55]} {[%emt 00:00:37]} 8. O-O-O {[%clk
01:25:42]} {[%emt 00:05:26]} e6 {[%clk 01:31:07]} {[%emt 00:00:19]} 9. f4
{[%clk 01:24:54]} {[%emt 00:01:18]} Be7 {[%clk 01:31:01]} {[%emt 00:00:36]} 10.
Nf3 {[%clk 01:23:18]} {[%emt 00:02:06]} b5 {[%clk 01:29:30]} {[%emt 00:02:01]}
11. Bxf6 {[%clk 01:21:35]} {[%emt 00:02:13]} gxf6 {[%clk 01:29:54]} {[%emt
00:00:07]} 12. f5 {[%clk 01:21:33]} {[%emt 00:00:31]} Qb6 {[%clk 01:29:38]}
{[%emt 00:00:47]} 13. g3 {[%clk 01:19:52]} {[%emt 00:02:10]} O-O-O {[%clk
01:29:10]} {[%emt 00:00:58]} 14. fxe6 {[%clk 01:18:00]} {[%emt 00:02:23]} fxe6
{[%clk 01:29:35]} {[%emt 00:00:05]} 15. Bh3 {[%clk 01:18:17]} {[%emt 00:00:13]}
Kb8 {[%clk 01:29:23]} {[%emt 00:00:42]} 16. Kb1 {[%clk 01:18:12]} {[%emt
00:00:35]} Na5 {[%clk 01:27:57]} {[%emt 00:01:56]} 17. Nd4 {[%clk 01:12:54]}
{[%emt 00:05:48]} b4 {[%clk 01:28:04]} {[%emt 00:00:23]} 18. Nce2 {[%clk
01:12:04]} {[%emt 00:01:19]} e5 {[%clk 01:28:29]} {[%emt 00:00:05]} 19. Bxd7
{[%clk 01:08:17]} {[%emt 00:04:17]} Rxd7 {[%clk 01:28:55]} {[%emt 00:00:04]}
20. Nf5 {[%clk 01:07:27]} {[%emt 00:01:20]} Nc4 {[%clk 01:29:21]} {[%emt
00:00:04]} 21. Qd3 {[%clk 00:57:44]} {[%emt 00:10:12]} Rc8 {[%clk 01:27:09]}
{[%emt 00:02:42]} 22. Qb3 {[%clk 00:35:56]} {[%emt 00:22:18]} Bf8 {[%clk
01:09:21]} {[%emt 00:18:18]} 23. Rd3 {[%clk 00:27:01]} {[%emt 00:09:26]} Qf2
{[%clk 01:06:38]} {[%emt 00:03:12]} 24. Nc3 {[%clk 00:22:15]} {[%emt 00:05:15]}
Nd2+ {[%clk 00:56:51]} {[%emt 00:10:18]} 25. Rxd2 {[%clk 00:22:40]} {[%emt
00:00:06]} Qxd2 {[%clk 00:57:16]} {[%emt 00:00:05]} 26. Nd5 {[%clk 00:20:02]}
{[%emt 00:03:08]} Rb7 {[%clk 00:55:58]} {[%emt 00:01:47]} 27. Qd3 {[%clk
00:17:18]} {[%emt 00:03:13]} Qxd3 {[%clk 00:52:32]} {[%emt 00:03:58]} 28. cxd3
{[%clk 00:17:45]} {[%emt 00:00:03]} b3 {[%clk 00:52:51]} {[%emt 00:00:11]} 29.
Nfe3 {[%clk 00:15:24]} {[%emt 00:02:50]} bxa2+ {[%clk 00:50:05]} {[%emt
00:03:17]} 30. Kxa2 {[%clk 00:15:46]} {[%emt 00:00:08]} a5 {[%clk 00:42:08]}
{[%emt 00:08:27]} 31. Nc4 {[%clk 00:10:56]} {[%emt 00:05:20]} a4 {[%clk
00:39:01]} {[%emt 00:03:37]} 32. Rf1 {[%clk 00:07:24]} {[%emt 00:04:01]} Rf7
{[%clk 00:31:28]} {[%emt 00:08:03]} 33. Rf5 {[%clk 00:05:29]} {[%emt 00:02:26]}
Kb7 {[%clk 00:29:02]} {[%emt 00:02:56]} 34. g4 {[%clk 00:04:32]} {[%emt
00:01:27]} Kc6 {[%clk 00:20:35]} {[%emt 00:08:58]} 35. Ncb6 {[%clk 00:03:52]}
{[%emt 00:01:09]} Rb8 {[%clk 00:19:12]} {[%emt 00:01:54]} 36. Nxa4 {[%clk
00:03:45]} {[%emt 00:00:37]} Bh6 {[%clk 00:18:14]} {[%emt 00:01:28]} 37. h4
{[%clk 00:02:42]} {[%emt 00:01:33]} Ra7 {[%clk 00:17:14]} {[%emt 00:01:31]} 38.
b3 {[%clk 00:02:40]} {[%emt 00:00:32]} Rab7 {[%clk 00:17:33]} {[%emt 00:00:11]}
39. g5 {[%clk 00:01:15]} {[%emt 00:01:55]} fxg5 {[%clk 00:18:01]} {[%emt
00:00:02]} 40. hxg5 {[%clk 00:01:42]} {[%emt 00:00:03]} Bg7 {[%clk 00:17:53]}
{[%emt 00:00:38]} 41. b4 {[%clk 00:01:36]} {[%emt 00:00:36]} Rf8 {[%clk
00:12:01]} {[%emt 00:06:21]} 42. Nac3 {[%clk 00:29:47]} {[%emt 00:02:18]} Rbf7
{[%clk 00:41:18]} {[%emt 00:01:14]} 43. Ne3 {[%clk 00:23:00]} {[%emt 00:07:17]}
h5 {[%clk 00:38:53]} {[%emt 00:02:55]} 44. gxh6 {[%clk 00:22:27]} {[%emt
00:01:03]} Bxh6 {[%clk 00:39:13]} {[%emt 00:00:10]} 45. Rxf7 {[%clk 00:22:02]}
{[%emt 00:00:55]} Rxf7 {[%clk 00:39:38]} {[%emt 00:00:06]} 46. Nf5 {[%clk
00:20:15]} {[%emt 00:02:16]} Bd2 {[%clk 00:36:54]} {[%emt 00:03:14]} 47. Nd5
{[%clk 00:18:51]} {[%emt 00:01:54]} Rxf5 {[%clk 00:33:55]} {[%emt 00:03:30]}
48. Ne7+ {[%clk 00:19:16]} {[%emt 00:00:06]} Kd7 {[%clk 00:33:46]} {[%emt
00:00:39]} 49. Nxf5 {[%clk 00:19:36]} {[%emt 00:00:10]} Bxb4 {[%clk 00:34:09]}
{[%emt 00:00:07]} 50. Kb3 {[%clk 00:19:44]} {[%emt 00:00:22]} Bc5 {[%clk
00:34:26]} {[%emt 00:00:13]} 51. Kc4 {[%clk 00:20:06]} {[%emt 00:00:08]} Kc6
{[%clk 00:34:02]} {[%emt 00:00:54]} 52. Ne7+ {[%clk 00:19:22]} {[%emt
00:01:14]} Kd7 {[%clk 00:34:06]} {[%emt 00:00:27]} 53. Ng6 {[%clk 00:19:29]}
{[%emt 00:00:22]} Kc6 {[%clk 00:34:27]} {[%emt 00:00:09]} 54. Ne7+ {[%clk
00:17:27]} {[%emt 00:02:32]} 1/2-1/2

[Event "Deutsche Ländermeisterschaft 2023"]
[Site "Hannover GER"]
[Date "2023.10.03"]
[Round "5"]
[White "Lesny, Florian"]
[Black "Lutz, Ruben"]
[Result "1/2-1/2"]
[Termination "normal"]
[Board "1.3"]
[WhiteElo "2222"]
[BlackElo "2218"]
[WhiteClock "00:32:10"]
[BlackClock "00:18:18"]
[WhiteTeam "Hessen"]
[BlackTeam "Sachsen"]
[PlyCount "92"]
[WhiteFideId "12973874"]
[BlackFideId "12975974"]
[EventCountry "GER"]
[EventRounds "7"]
[EventType "team-swiss"]
[EventDate "2023.09.30"]

1. e4 {[%clk 01:30:58]} {[%emt 00:00:01]} e6 {[%clk 01:30:55]} {[%emt
00:00:05]} 2. d4 {[%clk 01:31:16]} {[%emt 00:00:12]} d5 {[%clk 01:31:21]}
{[%emt 00:00:04]} 3. e5 {[%clk 01:31:36]} {[%emt 00:00:10]} c5 {[%clk
01:31:46]} {[%emt 00:00:05]} 4. c3 {[%clk 01:31:56]} {[%emt 00:00:10]} Nc6
{[%clk 01:32:12]} {[%emt 00:00:05]} 5. Nf3 {[%clk 01:32:13]} {[%emt 00:00:13]}
Qb6 {[%clk 01:32:35]} {[%emt 00:00:07]} 6. a3 {[%clk 01:32:21]} {[%emt
00:00:21]} c4 {[%clk 01:32:59]} {[%emt 00:00:06]} 7. Nbd2 {[%clk 01:32:34]}
{[%emt 00:00:16]} Na5 {[%clk 01:33:23]} {[%emt 00:00:06]} 8. g3 {[%clk
01:32:44]} {[%emt 00:00:21]} Bd7 {[%clk 01:33:43]} {[%emt 00:00:11]} 9. h4
{[%clk 01:32:56]} {[%emt 00:00:18]} Ne7 {[%clk 01:32:26]} {[%emt 00:01:46]} 10.
Bh3 {[%clk 01:32:39]} {[%emt 00:00:47]} h6 {[%clk 01:26:48]} {[%emt 00:06:10]}
11. O-O {[%clk 01:29:14]} {[%emt 00:03:54]} O-O-O {[%clk 01:26:52]} {[%emt
00:00:26]} 12. h5 {[%clk 01:27:52]} {[%emt 00:01:51]} Kb8 {[%clk 01:27:06]}
{[%emt 00:00:17]} 13. Nh4 {[%clk 01:25:00]} {[%emt 00:03:22]} Nc8 {[%clk
01:18:54]} {[%emt 00:08:42]} 14. f4 {[%clk 01:17:09]} {[%emt 00:08:22]} Be7
{[%clk 01:18:34]} {[%emt 00:00:49]} 15. Ng2 {[%clk 01:10:49]} {[%emt 00:06:51]}
g6 {[%clk 01:10:08]} {[%emt 00:08:56]} 16. Ne3 {[%clk 01:04:52]} {[%emt
00:06:26]} Qc7 {[%clk 01:07:10]} {[%emt 00:03:28]} 17. Qe2 {[%clk 01:01:10]}
{[%emt 00:04:12]} Nb6 {[%clk 01:04:49]} {[%emt 00:02:51]} 18. Kh2 {[%clk
00:56:09]} {[%emt 00:05:32]} Rdg8 {[%clk 01:02:36]} {[%emt 00:02:42]} 19. hxg6
{[%clk 00:50:27]} {[%emt 00:06:12]} fxg6 {[%clk 01:01:20]} {[%emt 00:01:46]}
20. Rb1 {[%clk 00:44:29]} {[%emt 00:06:27]} Ka8 {[%clk 00:57:46]} {[%emt
00:04:04]} 21. g4 {[%clk 00:36:55]} {[%emt 00:08:03]} h5 {[%clk 00:50:17]}
{[%emt 00:08:01]} 22. g5 {[%clk 00:36:12]} {[%emt 00:01:12]} Qc8 {[%clk
00:49:53]} {[%emt 00:00:54]} 23. Nf3 {[%clk 00:35:19]} {[%emt 00:01:23]} Qf8
{[%clk 00:45:16]} {[%emt 00:05:06]} 24. Nh4 {[%clk 00:35:11]} {[%emt 00:00:38]}
Qf7 {[%clk 00:43:35]} {[%emt 00:02:11]} 25. Neg2 {[%clk 00:32:39]} {[%emt
00:03:02]} Nc6 {[%clk 00:40:07]} {[%emt 00:03:58]} 26. Be3 {[%clk 00:31:03]}
{[%emt 00:02:06]} Bd8 {[%clk 00:39:21]} {[%emt 00:01:16]} 27. Rbe1 {[%clk
00:29:35]} {[%emt 00:01:55]} Ne7 {[%clk 00:37:52]} {[%emt 00:02:01]} 28. Bc1
{[%clk 00:28:47]} {[%emt 00:01:18]} Re8 {[%clk 00:35:06]} {[%emt 00:03:17]} 29.
Ne3 {[%clk 00:26:34]} {[%emt 00:02:43]} Nf5 {[%clk 00:28:45]} {[%emt 00:06:51]}
30. Nhxf5 {[%clk 00:24:56]} {[%emt 00:02:09]} exf5 {[%clk 00:22:21]} {[%emt
00:06:53]} 31. Bg2 {[%clk 00:24:19]} {[%emt 00:01:06]} Be6 {[%clk 00:22:47]}
{[%emt 00:00:04]} 32. Bd2 {[%clk 00:21:54]} {[%emt 00:02:53]} Be7 {[%clk
00:21:47]} {[%emt 00:01:32]} 33. Rb1 {[%clk 00:21:49]} {[%emt 00:00:34]} Rc8
{[%clk 00:20:05]} {[%emt 00:02:12]} 34. Qf3 {[%clk 00:18:56]} {[%emt 00:03:23]}
Rhd8 {[%clk 00:18:52]} {[%emt 00:01:43]} 35. Kg1 {[%clk 00:16:29]} {[%emt
00:02:58]} Qe8 {[%clk 00:18:12]} {[%emt 00:01:10]} 36. Qg3 {[%clk 00:13:28]}
{[%emt 00:03:28]} Qb5 {[%clk 00:17:29]} {[%emt 00:01:16]} 37. Bf3 {[%clk
00:11:58]} {[%emt 00:02:00]} Na4 {[%clk 00:14:20]} {[%emt 00:03:40]} 38. Qg2
{[%clk 00:10:41]} {[%emt 00:01:48]} Nb6 {[%clk 00:10:02]} {[%emt 00:04:47]} 39.
Kh2 {[%clk 00:09:48]} {[%emt 00:01:22]} Rc7 {[%clk 00:08:56]} {[%emt 00:01:37]}
40. Rfe1 {[%clk 00:09:02]} {[%emt 00:01:15]} Kb8 {[%clk 00:07:19]} {[%emt
00:02:08]} 41. Rf1 {[%clk 00:08:04]} {[%emt 00:01:26]} Qd7 {[%clk 00:02:32]}
{[%emt 00:05:19]} 42. Rfe1 {[%clk 00:07:24]} {[%emt 00:01:10]} Nc8 {[%clk
00:29:27]} {[%emt 00:03:35]} 43. Rec1 {[%clk 00:35:18]} {[%emt 00:02:36]} Nb6
{[%clk 00:21:51]} {[%emt 00:08:07]} 44. Re1 {[%clk 00:35:23]} {[%emt 00:00:25]}
a6 {[%clk 00:21:32]} {[%emt 00:00:49]} 45. Rec1 {[%clk 00:34:45]} {[%emt
00:01:08]} Ka7 {[%clk 00:21:23]} {[%emt 00:00:40]} 46. Kg1 {[%clk 00:32:10]}
{[%emt 00:03:05]} Qa4 {[%clk 00:18:18]} {[%emt 00:03:35]} 1/2-1/2

[Event "Deutsche Ländermeisterschaft 2023"]
[Site "Hannover GER"]
[Date "2023.10.03"]
[Round "5"]
[White "Neuhoff, Laertes"]
[Black "Sydykov, Bayastan"]
[Result "1/2-1/2"]
[Termination "normal"]
[Board "1.4"]
[WhiteElo "1993"]
[BlackElo "2059"]
[WhiteClock "00:43:53"]
[BlackClock "00:14:33"]
[WhiteTeam "Sachsen"]
[BlackTeam "Hessen"]
[PlyCount "62"]
[WhiteFideId "16279719"]
[BlackFideId "13829610"]
[EventCountry "GER"]
[EventRounds "7"]
[EventType "team-swiss"]
[EventDate "2023.09.30"]

1. e4 {[%clk 01:30:59]} e6 {[%clk 01:30:52]} {[%emt 00:00:09]} 2. d4 {[%clk
01:31:25]} {[%emt 00:00:03]} d5 {[%clk 01:31:14]} {[%emt 00:00:08]} 3. Nd2
{[%clk 01:31:50]} {[%emt 00:00:06]} c5 {[%clk 01:31:26]} {[%emt 00:00:18]} 4.
exd5 {[%clk 01:32:13]} {[%emt 00:00:07]} Qxd5 {[%clk 01:31:48]} {[%emt
00:00:07]} 5. Ngf3 {[%clk 01:32:34]} {[%emt 00:00:07]} cxd4 {[%clk 01:31:54]}
{[%emt 00:00:25]} 6. Bc4 {[%clk 01:32:57]} {[%emt 00:00:07]} Qd6 {[%clk
01:31:59]} {[%emt 00:00:25]} 7. O-O {[%clk 01:33:17]} {[%emt 00:00:10]} Nf6
{[%clk 01:32:03]} {[%emt 00:00:26]} 8. Nb3 {[%clk 01:33:41]} {[%emt 00:00:06]}
Nc6 {[%clk 01:32:12]} {[%emt 00:00:21]} 9. Nbxd4 {[%clk 01:33:52]} {[%emt
00:00:19]} Nxd4 {[%clk 01:32:12]} {[%emt 00:00:31]} 10. Nxd4 {[%clk 01:34:14]}
{[%emt 00:00:08]} a6 {[%clk 01:32:10]} {[%emt 00:00:32]} 11. Re1 {[%clk
01:34:34]} {[%emt 00:00:09]} Bd7 {[%clk 01:31:45]} {[%emt 00:00:56]} 12. c3
{[%clk 01:31:31]} {[%emt 00:03:32]} Be7 {[%clk 01:26:58]} {[%emt 00:05:17]} 13.
Qf3 {[%clk 01:28:43]} {[%emt 00:03:17]} Qc7 {[%clk 01:18:04]} {[%emt 00:09:25]}
14. Bf1 {[%clk 01:29:01]} {[%emt 00:00:12]} O-O {[%clk 01:16:17]} {[%emt
00:02:18]} 15. Nf5 {[%clk 01:21:06]} {[%emt 00:08:24]} exf5 {[%clk 01:10:38]}
{[%emt 00:06:09]} 16. Rxe7 {[%clk 01:17:43]} {[%emt 00:03:53]} Rfe8 {[%clk
01:05:52]} {[%emt 00:05:16]} 17. Rxe8+ {[%clk 01:16:13]} {[%emt 00:01:59]} Rxe8
{[%clk 01:06:17]} {[%emt 00:00:06]} 18. Be3 {[%clk 01:15:52]} {[%emt 00:00:51]}
Ng4 {[%clk 01:01:40]} {[%emt 00:05:08]} 19. Qf4 {[%clk 01:12:31]} {[%emt
00:03:51]} Qxf4 {[%clk 00:49:58]} {[%emt 00:12:11]} 20. Bxf4 {[%clk 01:11:47]}
{[%emt 00:01:14]} Be6 {[%clk 00:48:22]} {[%emt 00:02:06]} 21. b3 {[%clk
01:10:36]} {[%emt 00:01:41]} h6 {[%clk 00:39:20]} {[%emt 00:09:34]} 22. h4
{[%clk 01:05:36]} {[%emt 00:05:29]} Nf6 {[%clk 00:34:23]} {[%emt 00:05:27]} 23.
c4 {[%clk 01:02:58]} {[%emt 00:03:08]} Nd7 {[%clk 00:28:05]} {[%emt 00:06:48]}
24. f3 {[%clk 00:58:48]} {[%emt 00:04:40]} f6 {[%clk 00:27:20]} {[%emt
00:01:15]} 25. h5 {[%clk 00:55:34]} {[%emt 00:03:43]} Ne5 {[%clk 00:22:30]}
{[%emt 00:05:20]} 26. Re1 {[%clk 00:53:52]} {[%emt 00:02:12]} Bd7 {[%clk
00:21:06]} {[%emt 00:01:55]} 27. Kf2 {[%clk 00:52:41]} {[%emt 00:01:40]} Kf7
{[%clk 00:20:02]} {[%emt 00:01:34]} 28. Rd1 {[%clk 00:47:27]} {[%emt 00:05:44]}
Be6 {[%clk 00:17:48]} {[%emt 00:02:44]} 29. Re1 {[%clk 00:45:30]} {[%emt
00:02:27]} Bd7 {[%clk 00:14:48]} {[%emt 00:03:30]} 30. Rd1 {[%clk 00:44:44]}
{[%emt 00:01:15]} Be6 {[%clk 00:14:33]} {[%emt 00:00:45]} 31. Re1 {[%clk
00:43:53]} {[%emt 00:01:21]} Bd7 {[%emt 00:09:43]} 1/2-1/2

[Event "Deutsche Ländermeisterschaft 2023"]
[Site "Hannover GER"]
[Date "2023.10.03"]
[Round "5"]
[White "Buchholz, Maja Patricia"]
[Black "Herrmann, Arthur"]
[Result "1/2-1/2"]
[Termination "normal"]
[Board "1.5"]
[WhiteElo "1858"]
[BlackElo "1930"]
[WhiteClock "00:28:47"]
[BlackClock "00:29:06"]
[WhiteTeam "Hessen"]
[BlackTeam "Sachsen"]
[PlyCount "85"]
[WhiteFideId "16200500"]
[BlackFideId "16287150"]
[EventCountry "GER"]
[EventRounds "7"]
[EventType "team-swiss"]
[EventDate "2023.09.30"]

1. c4 {[%clk 01:30:56]} {[%emt 00:00:03]} c5 {[%clk 01:30:52]} {[%emt
00:00:08]} 2. g3 {[%clk 01:31:19]} {[%emt 00:00:07]} Nf6 {[%clk 01:31:12]}
{[%emt 00:00:10]} 3. Bg2 {[%clk 01:31:33]} {[%emt 00:00:15]} d5 {[%clk
01:30:51]} {[%emt 00:00:52]} 4. cxd5 {[%clk 01:31:07]} {[%emt 00:00:56]} Nxd5
{[%clk 01:31:03]} {[%emt 00:00:18]} 5. Nc3 {[%clk 01:31:05]} {[%emt 00:00:31]}
Nc7 {[%clk 01:30:39]} {[%emt 00:00:54]} 6. Nf3 {[%clk 01:29:06]} {[%emt
00:02:29]} Nc6 {[%clk 01:30:33]} {[%emt 00:00:35]} 7. a3 {[%clk 01:25:15]}
{[%emt 00:04:21]} Bd7 {[%clk 01:13:34]} {[%emt 00:17:30]} 8. O-O {[%clk
01:18:03]} {[%emt 00:07:42]} e5 {[%clk 01:12:41]} {[%emt 00:01:22]} 9. Rb1
{[%clk 01:17:34]} {[%emt 00:00:59]} f6 {[%clk 01:08:00]} {[%emt 00:05:11]} 10.
Ne1 {[%clk 01:06:49]} {[%emt 00:11:15]} Rb8 {[%clk 01:03:22]} {[%emt 00:05:08]}
11. Nc2 {[%clk 00:58:14]} {[%emt 00:09:05]} a5 {[%clk 00:58:19]} {[%emt
00:05:32]} 12. e3 {[%clk 00:46:33]} {[%emt 00:12:11]} Be7 {[%clk 00:51:24]}
{[%emt 00:07:25]} 13. Nd5 {[%clk 00:38:51]} {[%emt 00:08:13]} O-O {[%clk
00:46:49]} {[%emt 00:05:04]} 14. d4 {[%clk 00:35:59]} {[%emt 00:03:22]} cxd4
{[%clk 00:42:46]} {[%emt 00:04:33]} 15. exd4 {[%clk 00:29:18]} {[%emt
00:07:11]} Bf5 {[%clk 00:40:07]} {[%emt 00:03:09]} 16. dxe5 {[%clk 00:23:58]}
{[%emt 00:05:50]} Nxe5 {[%clk 00:38:49]} {[%emt 00:01:47]} 17. Bf4 {[%clk
00:19:56]} {[%emt 00:04:33]} Nxd5 {[%clk 00:31:25]} {[%emt 00:07:54]} 18. Bxd5+
{[%clk 00:19:02]} {[%emt 00:01:24]} Kh8 {[%clk 00:31:50]} {[%emt 00:00:05]} 19.
Bxe5 {[%clk 00:13:08]} {[%emt 00:06:23]} fxe5 {[%clk 00:31:58]} {[%emt
00:00:21]} 20. Rc1 {[%clk 00:12:54]} {[%emt 00:00:45]} Bg5 {[%clk 00:26:55]}
{[%emt 00:05:32]} 21. Ne3 {[%clk 00:12:35]} {[%emt 00:00:49]} Bxe3 {[%clk
00:25:16]} {[%emt 00:02:10]} 22. fxe3 {[%clk 00:13:03]} {[%emt 00:00:01]} Bh3
{[%clk 00:20:10]} {[%emt 00:05:36]} 23. Rxf8+ {[%clk 00:12:14]} {[%emt
00:01:20]} Qxf8 {[%clk 00:20:34]} {[%emt 00:00:05]} 24. Qh5 {[%clk 00:11:32]}
{[%emt 00:01:12]} Rc8 {[%clk 00:15:46]} {[%emt 00:05:17]} 25. Rd1 {[%clk
00:08:40]} {[%emt 00:03:22]} Bf5 {[%clk 00:10:30]} {[%emt 00:05:46]} 26. Rf1
{[%clk 00:08:38]} {[%emt 00:00:33]} g6 {[%clk 00:10:36]} {[%emt 00:00:23]} 27.
Qf3 {[%clk 00:08:34]} {[%emt 00:00:35]} Qe7 {[%clk 00:08:48]} {[%emt 00:02:17]}
28. g4 {[%clk 00:04:43]} {[%emt 00:04:22]} Be6 {[%clk 00:08:38]} {[%emt
00:00:38]} 29. Be4 {[%clk 00:02:16]} {[%emt 00:02:58]} Kg7 {[%clk 00:07:49]}
{[%emt 00:01:19]} 30. h3 {[%clk 00:02:32]} {[%emt 00:00:15]} b6 {[%clk
00:07:26]} {[%emt 00:00:52]} 31. Kg2 {[%clk 00:02:34]} {[%emt 00:00:29]} Rf8
{[%clk 00:06:36]} {[%emt 00:01:18]} 32. Qxf8+ {[%clk 00:02:18]} {[%emt
00:00:47]} Qxf8 {[%clk 00:07:01]} {[%emt 00:00:05]} 33. Rxf8 {[%clk 00:02:45]}
{[%emt 00:00:03]} Kxf8 {[%clk 00:07:27]} {[%emt 00:00:04]} 34. Kf3 {[%clk
00:02:40]} {[%emt 00:00:35]} Ke7 {[%clk 00:07:27]} {[%emt 00:00:28]} 35. Bb7
{[%clk 00:02:48]} {[%emt 00:00:23]} Kd6 {[%clk 00:07:28]} {[%emt 00:00:30]} 36.
Ke4 {[%clk 00:02:02]} {[%emt 00:01:16]} Bd7 {[%clk 00:06:45]} {[%emt 00:01:11]}
37. Bd5 {[%clk 00:01:52]} {[%emt 00:00:42]} Bc8 {[%clk 00:03:30]} {[%emt
00:03:44]} 38. b4 {[%clk 00:01:14]} {[%emt 00:01:08]} axb4 {[%clk 00:03:10]}
{[%emt 00:00:50]} 39. axb4 {[%clk 00:01:44]} h5 {[%clk 00:02:10]} {[%emt
00:01:31]} 40. Bf7 {[%clk 00:00:35]} {[%emt 00:01:39]} hxg4 {[%clk 00:01:51]}
{[%emt 00:00:49]} 41. hxg4 {[%clk 00:00:43]} {[%emt 00:00:22]} g5 {[%clk
00:29:40]} {[%emt 00:02:41]} 42. Kf3 {[%clk 00:30:50]} {[%emt 00:00:24]} Bb7+
{[%clk 00:29:06]} {[%emt 00:01:03]} 43. e4 {[%clk 00:28:47]} {[%emt 00:02:33]}
1/2-1/2